| 000 | 00500nam a2200145 a 4500 | ||
|---|---|---|---|
| 001 | 000040085 | ||
| 005 | 20201002033917.0 | ||
| 008 | 130806s1987 cu ac 000 0 spa d | ||
| 040 |
_aDO-SdBNP _bspa _cBNPHU |
||
| 100 | 1 |
_aSantos Moray, Mercedes _966343 |
|
| 245 | 1 | 4 |
_aLas aventuras del almirante / _cMercedes Santos Moray ; prólogo Ana Núñez Machín. |
| 260 |
_aLa Habana, Cuba : _bGente Nueva, _c1987. |
||
| 300 |
_a319 p. : _bils., retrs. ; _c19 cm. |
||
| 700 | 1 |
_aNúñez Machín, Ana, _epról. _966344 |
|
| 999 |
_c39575 _d39575 |
||